02617nkc a2200373za 450000100060000000300040000600500170001000700070002700800410003404000240007510000410009924500730014026000240021330001000023750002220033750001930055950000650075250001340081750001690095150400520112050500660117251001510123851002100138956101300159961000510172965100260178065500400180670000600184685200120190685601500191894200250206895201330209399900170222684718OSt20260324161735.0kh boc250410s19101911sp ||||| ||||||0| i|spa d aM-RABAbspacM-RABA1 aElorza, Lorenzod(1861-1931)911106810aVitoriab: Nuestra Señora de la Esclavitud en la Catedralc/ L. E. c[ca. 1910 – 1911] a1 fotografía b: gelatina de plata c; imagen 12 x 17 cmc; soporte secundario 21,5 x 26,5 cm aVista de la talla mariana de Nuestra Señora de la Esclavitud de la capilla central de la girola de la catedral de Santa María en Vitoria. Se trata de una Virgen sedente con manzana y niño con libro bendiciendo.  aFotografía montada sobre soporte secundario de cartulina azul enmarcada con orla en relieve. Título y numeración manuscrita que hace referencia a la posición en la serie “163”. aSello con monograma del fotógrafo en tinta roja “L.E.” aFechas tomadas de la ejecución del positivo de las fotografías, incluido el soporte secundario. (Soto Madrazo, Javier. 2008). aForma parte de un conjunto de 167 fotografías empleadas por Federico Baráibar Zumárraga para la elaboración del Inventario del Románico en Álava (1911). aBaraibar, F.: "Rincones artísticos", M. 1914. aVitoria.- Ntra. Sra. de la Esclavitud en la Catedral. / L. E. aDescripción tomada de: Soto Madrazo, Javier (2008). Federico Baraibar y el Inventario del Románico en Álava: una caja con 167 fotografías. aEsta colección fue utilizada posteriormente por Cristóbal de Castro para la elaboración y publicación del "Catálogo Monumental de España: provincia de Álava", Madrid, S. de Rivadeneira, 1915. aDonadas junto con la memoria manuscrita a la Academia por el mismo Baraibar (Sesión 12 de febrero de 1912, Archivo: 4-32-1)27aCatedral de Vitoria (Álava, España)911804 7aÁlava2embne975661 0aFotografías de monumentos91115801 aBaráibar y Zumárraga, Federico d(1851-1918)912926 jFot-272 3Fot-272uhttps://archivoybiblioteca.realacademiabellasartessanfernando.com/cgi-bin/koha/opac-retrieve-file.pl?id=1971696ae7f682af711f5ab6b3a617eb 2ddccFOTOGRAFÍAn0 00102ddc40708FOTOGRAFIAaRABASFbRABASFcDP2d2025-05-08l0oFot-272p1095604r2025-05-08 10:50:53w2025-05-08yFOTOGRAFÍA c84718d84718